Score 0/25 Timer 07:00
1 Play Today
% Correct
The Rocky Horror Picture Show
85.9%
The Lego Movie
85.8%
The Pink Panther
84.4%
Ghostbusters
82.1%
Liar Liar
72.4%
Die Hard
69.3%
Little Shop of Horrors
63.1%
Saturday Night Fever
61.1%
Dr. Strangelove or: How I Learned to Stop Worrying and Love the Bomb
54.9%
Superbad
52.4%
Quantum of Solace
52.1%
Charlie's Angels
47.7%
Fifty Shades of Grey
46.9%
% Correct
A Hard Day's Night
46%
Chitty Chitty Bang Bang
45.2%
The Day After Tomorrow
43.8%
Rock of Ages
39.1%
Pixels
33.4%
The Man From U.N.C.L.E
24.7%
Do the Right Thing
24.7%
Star Trek: Into Darkness
21.1%
Tomorrowland
21.1%
Funny Face
13.9%
Minions
9.4%
Repulsion
3.9%
Remove Ads.
Support Sporcle.
Get the best of Sporcle when you Go Orange. This ad-free experience offers more features, more stats, and more fun while also helping to support Sporcle. Thank you for becoming a member.

You're not logged in!

Compare scores with friends on all Sporcle quizzes.
OR
Log In

Show Comments

Extras

Top Quizzes Today


Score Distribution

Your Account Isn't Verified!

In order to create a playlist on Sporcle, you need to verify the email address you used during registration. Go to your Sporcle Settings to finish the process.

Report this User

Report this user for behavior that violates our Community Guidelines.

Details: